000 00595nam a2200217 a 4500
001 3283
003 CO-ViMGA
008 141112s2004 ck r 000 u spa d
040 _aCO-ViMGA
_bspa
_cCO-ViMGA
082 0 4 _a526.9 V152p
100 1 _aValdes Domenech, Francisco
_952809
245 1 0 _aPrácticas de topografía, cartografía, fotogrametría
250 _a2a
260 _aBarcelona :
_bCEAC,
_c1989
300 _a387 p : il
490 _aBiblioteca CEAC del topógrafo
650 1 4 _aCARTOGRAFIA
_952810
650 1 4 _aFOTOGRAMETRIA
_952811
650 1 4 _aTOPOGRAFIA
942 _2ddc
_cBK
999 _c15333
_d15333